00336nam a22001095i 450000500170000002000180001708200220003510000250005724500860008226000400016830000180020820260617162308.0 a9789361318283 a320.540 954 CHA/N aChakrabarthy, Bidyut00aNationalism in India :bmultiple dimensions and ideologies /cBidyut Chakrabarty. a. - New Delhib: Bloomsburryc,2025 aix, 283 pages